| 000 | 00550nam a22001937a 4500 | ||
|---|---|---|---|
| 001 | 13416 | ||
| 005 | 20251117122607.0 | ||
| 008 | 251117b xxu||||| |||| 00| 0 eng d | ||
| 020 | _a0719540429 | ||
| 040 |
_aBSU _cBSULIB _dBSU |
||
| 041 | _aEnglish | ||
| 082 |
_221 _a541,392 _bINT |
||
| 245 |
_aIndependent Learning Project for Advanced Chemistry: _bS-Block Elements-(ILPAC; Unit 11) |
||
| 260 |
_aLondon: _bJohn Murray (Publishers) Ltd _cc1984 |
||
| 300 |
_avii, 52p.; _bill. _c30cm |
||
| 650 | _2Science | ||
| 658 | _aChemistry | ||
| 942 |
_2ddc _cBK |
||
| 999 |
_c13416 _d13416 |
||